00699nam a2200157 a 450000100100000000500170001000800410002704000250006808200150009310000350010824501800014326000670032330000200039095201140041099900170052400003359520200930070355.0110901s1878 cu 000 0 spa d aDO-SdBNPbspacBNPHU axxxbL864i1 aLópez Prieto, Antonio95908510aInforme que sobre los restos de Colón, presenta al Excmo, Sr. Gobernador General D. Joaquín Jovellar y Soler despues de su viaje a Santo Domingo /cAntonio López Prieto. aLa Habana :bImprenta del Gobierno y Capitania General,c1878. a83 p. ;c24 cm. 0010507-18MOaPDbPDcOId2011-09-01iLF1l0oxxx L864ip33595-10r2020-06-25w2020-06-25y1ZNo se presta c33086d33086